00506nam a2200181Ia 450000500170000000800410001704000190005804100120007708200170008910000240010624500780013026000300020830000100023865000230024865100190027170000240029085000100031420230322110936.0131103s9999 xx 000 0 und d aLoreto College aEnglish a891.441bRAH aRahaman, Samsur,ed. aDui Banglar bhalabasar kabitacedited by Samsur Rahaman and Sunil Ganguly aCalcuutabModel Pubc1992 a136p  aBengali Literature aBengali Poetry aGanguly, Sunil, ed  aLCLIB